Sports Quiz

Random Sports or Auto Racing Quiz

NASCAR Win Leaders by Season Quiz Stats

Quiz Updated Jan 3, 2018

Also try: NASCAR Champions
Challenge
Share
Tweet
Embed
Score 0/69 Timer 07:00
9 Plays Today
Year Driver % Correct
2012Jimmie Johnson/Brad Keselowski/Denny Hamlin
93.9%
2004Jimmie Johnson
93.8%
2007Jimmie Johnson
93.8%
2009Jimmie Johnson
93.8%
1965Ned Jarrett/Junior Johnson
91.9%
2016Jimmie Johnson
91.3%
1995Jeff Gordon
91.2%
1996Jeff Gordon
91.2%
1997Jeff Gordon
91.2%
1998Jeff Gordon
91.2%
1999Jeff Gordon
91.2%
2001Jeff Gordon
91.2%
1987Dale Earnhardt
90.8%
1990Dale Earnhardt
90.8%
1974Richard Petty/Cale Yarborough
88%
1968David Pearson/Richard Petty
87.9%
1963Richard Petty
87.7%
1967Richard Petty
87.7%
1970Richard Petty
87.7%
1971Richard Petty
87.7%
1975Richard Petty
87.7%
1958Lee Petty
86.4%
1959Lee Petty
86.4%
2000Tony Stewart
79.3%
2011Tony Stewart
79%
1989Rusty Wallace/Darrell Waltrip
77.3%
1983Bobby Allison/Darrell Waltrip
76.5%
1988Bill Elliott/Rusty Wallace
74.2%
1992Bill Elliott/Davey Allison
74%
1977Cale Yarborough
73.5%
1978Cale Yarborough
73.5%
1980Cale Yarborough
73.5%
1979Darrell Waltrip
73.3%
1981Darrell Waltrip
73.3%
1982Darrell Waltrip
73.3%
Year Driver % Correct
1984Darrell Waltrip
73.3%
2010Denny Hamlin
72.9%
1993Rusty Wallace
71.3%
1994Rusty Wallace
71.3%
1991Davey Allison/Harry Gant
70.8%
1972Bobby Allison
70.5%
1964Ned Jarrett
69.6%
2014Brad Keselowski
68.3%
2017Martin Truex, Jr.
67%
1976David Pearson
65.6%
1966David Pearson
65.4%
1973David Pearson
65.4%
1985Bill Elliott
64.4%
2002Matt Kenseth
58.9%
2013Matt Kenseth
57.8%
2008Carl Edwards
54.2%
2015Joey Logano
48.9%
2003Ryan Newman
40.4%
2006Kasey Kahne
37.9%
2005Greg Biffle
34.3%
1949Red Byron/Bob Flock
34%
1951Herb Thomas/Tim Flock
33.3%
1955Tim Flock
32%
1952Fonty Flock
31.2%
1956Buck Baker
29.9%
1957Buck Baker
29.9%
1953Herb Thomas
27.9%
1954Herb Thomas
27.9%
1986Tim Richmond
22.7%
1961Joe Weatherly
16.7%
1962Joe Weatherly
16.7%
1960Rex White
16.5%
1969Bobby Isaac
15.9%
1950Curtis Turner
8.8%

You're not logged in!

Compare scores with friends on all Sporcle quizzes.
Join for Free
OR
Log In

You Might Also Like...

Show Comments

Extras

Top Quizzes Today


Score Distribution

Your Account Isn't Verified!

In order to create a playlist on Sporcle, you need to verify the email address you used during registration. Go to your Sporcle Settings to finish the process.

Report this User

Report this user for behavior that violates our Community Guidelines.

Details: